|
|
|
|
| LEADER |
00000nam0a2200000 4500 |
| 001 |
106882 |
| 005 |
20231031115052.0 |
| 035 |
|
|
|a (RuTPU)RU\TPU\book\115419
|
| 090 |
|
|
|a 106882
|
| 100 |
|
|
|a 20061214d1979 m y0rusy50 ca
|
| 101 |
0 |
|
|a rus
|
| 102 |
|
|
|a KZ
|
| 105 |
|
|
|a a z 001zy
|
| 200 |
1 |
|
|a Электронно-оптические элементы призменных спектрометров заряженных частиц
|f В. М. Кельман [и др.]
|g Академия наук Казахской ССР; Институт ядерной физики
|
| 210 |
|
|
|a Алма-Ата
|c Наука
|d 1979
|
| 215 |
|
|
|a 232 с.
|c ил.
|
| 320 |
|
|
|a Библиогр.: с. 227-231.
|
| 610 |
1 |
|
|a оптика
|
| 610 |
1 |
|
|a ядерные спектрометры
|
| 610 |
1 |
|
|a заряженные частицы
|
| 610 |
1 |
|
|a электронные призмы
|
| 610 |
1 |
|
|a трансаксиальные линзы
|
| 675 |
|
|
|a 539.121.6
|v 3
|
| 701 |
|
1 |
|a Кельман
|b В. М.
|g Вениамин Моисеевич
|
| 701 |
|
1 |
|a Карецкая
|b С. П.
|g Светлана Петровна
|
| 701 |
|
1 |
|a Федулина
|b Л. В.
|g Людмила Васильевна
|
| 701 |
|
1 |
|a Якушев
|b Е. М.
|g Евгений Михайлович
|
| 712 |
0 |
2 |
|a Академия наук Казахской ССР (АН КазССР)
|b Институт ядерной физики (ИЯФ)
|2 stltpush
|3 (RuTPU)RU\TPU\col\1344
|
| 801 |
|
1 |
|a RU
|b 63413507
|c 20061214
|g PSBO
|
| 801 |
|
2 |
|a RU
|b 63413507
|c 20140506
|g PSBO
|
| 942 |
|
|
|c BK
|